000 00462nam a2200169Ia 4500
003 GCL
008 140319s9999 xx 000 0 ara d
040 _aGCL /
_cGCL
082 0 4 _a219.2
_bم ت
100 1 _aمحمد ابوزهرة
245 1 0 _aتنظيم الاسلام للمجتمع /
_cمحمد ابوزهرة
260 _a[S.N] :
_bدار الفكر
300 _a199 ص
490 _a
650 0 4 _aالاسلام والمجتمع
942 _2ddc
_cBK
999 _c53205
_d53205